| 000 | 00658nam a22002057a 4500 | ||
|---|---|---|---|
| 005 | 20240821105359.0 | ||
| 010 | _aENG-125931 | ||
| 020 |
_a9788180643002 _c150.00 |
||
| 035 | _aEN-109463 | ||
| 037 | _bDBAD/PUB | ||
| 082 | _a954 | ||
| 100 |
_aSaha, Chandana _970237 |
||
| 245 |
_aHistory of Northern Part of Bengal: _bA New Perspective/ _cBy Chandana Saha [and] Sanat Kumar Adhikary |
||
| 260 |
_aKolkata _bProgressive Publishers _c2019 |
||
| 270 |
_a37A, College Street _bKolkata _e700073 |
||
| 300 |
_a140p. _c22cm(Hb) |
||
| 500 | _aIncludes index | ||
| 700 |
_aAdhikary, Sanat Kumar _eAuthor _970238 |
||
| 942 |
_2ddc _cEN _h954 _mSAH |
||
| 999 |
_c166160 _d166160 |
||